000 00639nam a2200241 i 4500
003 DO-SdBNP
005 20230704095026.0
007 ta
008 230630b1920 dr ||||| |||| 00| 0 spa d
040 _aDO-SdBNP
_bspa
_cBNPHU
_erda
082 4 _bD313
_222
100 _983646
110 _983680
245 1 0 _aDefensas varias /
_bPeynado y Garcia Mella
264 1 _aSanto Domingo :
_b[sin nombre],
_c1920
300 _a58 páginas ;
_c23 cm.
336 _2rdacontent
_atexto
_btxt
337 _2rdamedia
_asin mediación
_bn
338 _2rdacarrier
_avolumen
_bnc
590 _aInventariado, 2023/DG
910 _aDG
942 _2ddc
_cLBS1
999 _c54071
_d54071